Statistics for Top 15 Soccer Clubs 2022

Click here to take the quiz!

General Stats

  • This quiz has been taken 196 times
  • The average score is 14 of 15

Answer Stats

AnswerHint% Correct
Manchester CityUk
99%
Manchester UnitedUk
99%
Paris-Saint GermainFrance
99%
Real MadridSpain
99%
Bayern MunichGermany
95%
LiverpoolUk
95%
AC MilanItaly
94%
BarcelonaSpain
94%
Borussia DortmundGermany
93%
JuventusItaly
92%
ChelseaUk
91%
Inter MilanItaly
91%
Atletico MadridSpain
89%
AjaxNetherlands
88%
Tottenham HotspurUk
85%

Score Distribution

Percentile by Number Answered

Percent of People with Each Score

Your Score History

You have not taken this quiz